Every Andy Gibb song that hit the Billboard hot 100 - Statistics

General Stats
  • This quiz has been taken 21 times
  • The average score is 5 of 10
Answer Stats
Peak Chart Position Year Song % Correct
1 1978 Shadow Dancing
100%
1 1977 I Just Want To Be Your Everything
87%
1 1978 (Love Is) Thicker Than Water
80%
9 1978 (Our Love) Don't Throw It All Away
47%
5 1978 An Everlasting Love
33%
4 1980 Desire
33%
12 1980 I Can't Help It
33%
15 1981 Time Is Time
27%
51 1981 All I Have To Do Is Dream
20%
40 1981 Me (Without You)
20%
No matching quizzes found
Score Distribution
Percent of People with Each Score
Percentile by Number Answered
Your Score History
You have not taken this quiz